000 01188nam a22003497a 4500
003 CHAP
005 20220817044540.0
008 120907s2012 it rn 00010 eng d
010 _a103888
011 _a104860
020 _a9789251071434
035 _a115550
040 _cCHAP
082 0 4 _a338.763
_bF21
110 2 _aFAO
245 1 0 _aIntegrating food security information in national statistical systems :
_bexperiences, achievements, challenges
_c/editado por Seevalingum Ramasawmy
260 _aRoma :
_bFAO,
_c2012
300 _axv, 130 p. :
590 _aBATCH-UPD
_b10
_c20130110
_lUCH01
_h1445
590 _aBATCH-UPD
_b10
_c20130410
_lUCH01
_h0856
590 _aBATCH-UPD
_b10
_c20130914
_lUCH01
_h0226
590 _aCONVERSION
_b10
_c20130109
_lUCH01
_h1357
650 4 _aAlimentos
_xAbastecimiento.
650 4 _aAlimentos
_xEstadísticas.
_94219
650 4 _aIndustrias agrícolas.
_957925
650 4 _aProductos agrícolas
_xMercados.
_992000
650 4 _aSeguridad alimentaria.
_9103673
700 1 _aRamasawmy, seevalingum
_e, ed.
_993817
901 _aBK
942 _cLIBRO
949 _a338.763 F21y
_bBC
_cFAO
_d33724002345842
_eFAO1
_gDonaciØn
_h117347
_i115550
_st
999 _c103888
_d103888